000
00445nam a2200157Ia 4500
008
100122s9999 xx 000 0 und d
082
_b
57049
_a
928
100
_a
नाडकर्णी ज्ञानेश्वर
245
_a
हिचकॉक
250
_a
2
260
_b
मॅजेस्टिक प्रकाशन
_c
1999
300
_a
122
630
_a
हिचकॉक
730
_a
हिचकॉक
942
_c
BOOK
999
_c
433365
_d
433362